Космическая техника. Перспективы развития: учебное пособие для вузов

Xehetasun bibliografikoak
Egile nagusia: Феоктистов К. П. Константин Петрович
Gaia:Книга посвящена анализу проблем космической техники, задачам, которые стоят перед ней, и способам их решения. В основу книги положен материал лекций, прочитанных автором студентам МГТУ им. Н.Э. Ваумана. Предназначена для студентов технических вузов. Может быть полезна специалистам, работающим в области космической техники.
Hizkuntza:errusiera
Argitaratua: Москва, 1 Федеративная Книготорговая Компания, 1997
Gaiak:
Formatua: Liburua
KOHA link:https://koha.lib.tpu.ru/cgi-bin/koha/opac-detail.pl?biblionumber=14624

MARC

LEADER 00000nam0a2200000 4500
001 14624
005 20231030185750.0
010 |a 5703813069 
035 |a (RuTPU)RU\TPU\book\14722 
035 |a BOOK00014791 
090 |a 14624 
100 |a 20011209d1997 m y0rusy50 ca 
101 0 |a rus 
102 |a RU 
105 |a y j 000zy 
200 1 |a Космическая техника. Перспективы развития  |e учебное пособие для вузов  |f К. П. Феоктистов 
210 |a Москва  |c 1 Федеративная Книготорговая Компания  |d 1997 
215 |a 172 с. 
318 |5 63413507  |a Космос… Дорога без конца  |b выставка 
330 |a Книга посвящена анализу проблем космической техники, задачам, которые стоят перед ней, и способам их решения. В основу книги положен материал лекций, прочитанных автором студентам МГТУ им. Н.Э. Ваумана. Предназначена для студентов технических вузов. Может быть полезна специалистам, работающим в области космической техники. 
610 1 |a космическая техника 
610 1 |a перспективы 
610 1 |a теория 
610 1 |a задачи 
610 1 |a учебные пособия 
675 |a 629.78(075.8)  |v 3 
700 1 |a Феоктистов  |b К. П.  |g Константин Петрович 
801 0 |a RU  |b 63413507  |c 20011209  |g PSBO 
801 2 |a RU  |b 63413507  |c 20150420  |g PSBO 
942 |c BK